| 000 | 00625naa a2200193 4500 | ||
|---|---|---|---|
| 001 | 129576 | ||
| 003 | ES-MaBCM | ||
| 005 | 20241016144418.0 | ||
| 008 | 060703s2006 esp|r0p 0 ||spa d | ||
| 021 | _axx | ||
| 035 | _a(OCoLC)1365246115 | ||
| 040 | _cES-MaBCM | ||
| 100 | 1 |
_aLabrador Méndez, Germán _972346 |
|
| 245 | 1 | 0 |
_aIndicios vehementes _b: notas para un archivo cultural de la transición española _cGermán Labrador Méndez |
| 650 | 2 | 7 |
_aCambio de régimen político _957801 |
| 651 | 2 | 4 |
_aEspaña _9115342 |
| 773 | 0 |
_aEn: _tRevista de occidente _dMadrid _w104553 _gN. 266 (abr. 2006), p. 83-98 |
|
| 942 | _cAREV | ||
| 999 |
_c129576 _d129576 |
||